000 01200cam a2200301 i 4500
999 _c65694
_d65694
001 768714001
003 CO-MdFUSB
005 20200417162321.0
008 870717t19801980enk b 001 0 engmd
020 _a090577423X
040 _aEXS
_cCO-MdFUSB
_dm.c.
_dFUG
_dCAP
_dUtOrBLW
_dCO-MdFUSB
_bspa.
_erda
041 _aeng
082 _223
_a221.15
_bC626
100 1 _aClements, R. E.
_d1929-
_eautor
245 1 0 _aIsaiah and the deliverance of Jerusalem :
_ba study of the interpretation of prophecy in the Old Testament /
_cR. E. Clements.
264 1 _aSheffield, Eng. :
_bDepartment of Biblical studies, University of Sheffield,
_c[1980]
264 4 _c© 1980.
300 _a131 páginas ;
_c23 cm.
336 _atexto
_btxt
_2rdacontent.
337 _asin mediación
_bn
_2rdamedia.
338 _avolumen
_bnc
_2rdacarrier.
490 1 _aJournal for the study of the Old Testament. Supplement series,
505 _aSenaquerib y Jerusalén. -- Isaías y la amenaza a Jerusalén -Narrativas de Isaías - Isaías y la tradición de Sion -Desvío de Jerusalén en perspectiva teológica.
630 0 7 _aBiblia.
_pAntiguo Testamento
942 _cBK
945 _aJTF-925